[Event "Treppenturnier"]
[Site "Turnierstufe"]
[Date "2022.08.09"]
[Round "?"]
[White "Emerald"]
[Black "Super VIP"]
[Result "1-0"]
[BlackElo "1845"]
[WhiteElo "1894"]

1.d4 Nf6 2.c4 e6 3.Nf3 b6 4.a3 Bb7 5.Nc3 d5 6.cxd5 exd5 7.Qa4+ c6 8.g3
{ Buchende. } 8...Bd6 { Buchende. } 9.Bh3 O-O 10.O-O Nbd7 11.Bg5 Qe8 12.Nh4
Bc7 13.Rfc1 h6 14.Be3 c5 15.dxc5 Nxc5 16.Qc2 Ne6 17.Nf3 Rc8 18.Qf5 Bd8 19.b3
Nc5 20.Nd4 Ra8 21.Bg2 Nfe4 22.Nxe4 dxe4 23.b4 Na4
{ Auf e6 ist der Springer besser aufgehoben. } 24.Nc6
{ Dieser Springerzug muss auch nicht sein. 24....Ta2 wäre besser. } 24...Nc3
$2 { Mit der Bewertung (-0.60) gespielt. Ein taktischer Blackout. } 25.Rxc3
g6 { (-3.45) } 26.Qxe4 Qxe4 27.Bxe4 Bf6 28.Rcc1 Rfe8 29.Bf3 Bxa1 30.Rxa1 g5
31.Rd1 g4 32.Bg2 h5 33.Rd5 h4 34.gxh4 Kg7 35.Rd7 Bxc6 36.Bxc6 Rac8 37.Bd5
Rcd8 38.Rxf7+ Kg6 39.Bb3 Ra8 40.Rf4 Kh5 41.Bf7+ Kh6
{ Und Super VIP gibt auf. } 1-0

[Event "Treppenturnier"]
[Site "Turnierstufe"]
[Date "2022.08.12"]
[Round "?"]
[White "Emerald"]
[Black "Schachakademie"]
[Result "1/2-1/2"]
[BlackElo "1912"]
[WhiteElo "1903"]

1.b3 { Buchende, die Schachakademie rechnet schon ab dem ersten Zug. }
1...Nc6 2.e3 g6 3.Bb2 Nf6 4.Bxf6 exf6 5.Nf3 Bg7 6.Be2 d5 7.O-O O-O 8.a3 Bg4
9.Nc3 Ne7 10.h3 Bf5 11.Na4 Rc8 12.Nc5 Qd6 13.b4 b6 14.Nb3 Rfe8 15.Nbd4 Ra8
16.Nxf5 Nxf5 17.b5 Rad8 18.a4 Re6 19.Bd3 Nh6 20.Nd4 Ree8
{ Beide Programme verhalten sich sehr eigenwillig. Schwarz hat gar keinen
Plan, Weiß agiert zwar am Damenflügel, seltsamerweise steht sein d-Bauer
immer noch auf dem Ausgangsfeld. } 21.Nc6 Ra8 22.a5 f5 23.Ra4 a6 24.Qf3 axb5
25.Bxb5 Re4 $2 { Emerald nimmt das Geschenk gerne an. } 26.axb6 Rexa4 27.Bxa4
cxb6 28.Bb3 Ra6 29.Bxd5 Ra3 30.Rb1 Bf6 31.c4 Bg5 32.Qd1 Qc7 33.Ra1 Rxa1
34.Qxa1 Bh4 $2 35.Qd4 Bg5 36.g3 Bd8 37.Bf3 Bg5 38.d3 f4 39.exf4 Nf5 40.Qe5
Qxe5 41.fxe5 Ne7 42.d4 h6 43.Nxe7+ Bxe7
{ Jetzt wird es schwer für den Emerald, dieses Endspiel mit
ungleichfarbigen Läufern zu gewinnen. } 44.Kf1 f6 45.e6 Bd6 46.Ke2 Kf8 47.Bc6
Ke7 48.d5 Be5 49.f4 Bb2 50.Kf3 f5 51.Ke3 Bc1+ 52.Kd4 h5 53.Kd3
{ Jetzt ist ein weißer Sieg wohl kaum noch möglich. Aber unsere Oldies
sollte man sicherlich noch weiterspielen lassen. } 53...h4 54.Ke2
{ Ohne Plan geht's halt nicht. } 54...hxg3 55.Kf3 g2 56.Kxg2 Bxf4 57.h4 Bh6
58.Kg3 g5 59.hxg5 Bxg5 60.Kf3 Kf6 61.Ba4 { Remis abgebrochen. } 1/2-1/2

[Event "Treppenturnier"]
[Site "Turnierstufe"]
[Date "2022.08.13"]
[Round "?"]
[White "Schachakademie"]
[Black "Emerald"]
[Result "0-1"]
[BlackElo "1903"]
[WhiteElo "1912"]

1.d4 Nf6 2.c4 e6 3.Nc3 Bb4 4.Qc2 c5 5.dxc5 { Buchende. } 5...O-O 6.Nf3 Na6
{ Buchende. } 7.Bg5 h6 8.Bh4 Bxc5 9.a3 Be7 10.Rd1 d6 11.Nb5 Ne8 12.Bxe7 Qxe7
13.g3 Nac7 14.Nxc7 Nxc7 15.Bg2 Bd7 16.Nd4 Rab8 17.Qd2 Rfc8 18.Qe3 Qf8 19.Rd2
a6 20.O-O b5 21.cxb5 Nxb5 22.Rb1 d5 23.Nxb5 Bxb5 24.Qe5 Rc5 25.b4 Ba4 26.e4
dxe4 { Eine planlose, langweilige Partie bis hierher. Und nun: } 27.Qxc5 $2
{ Ein eigenartiger Zug. Bewertet die Schachakademie den entstehenden
Freibauern so hoch? } 27...Qxc5 28.Rd8+ Rxd8 29.bxc5 Bc6
{ Schwarz hat aber alles unter Kontrolle. } 30.h3 Rd2 31.Rb6 $2
{ Fehler, denn jetzt kommt: } 31...e3 $1
{ Diesen Zug hat die Schachakademie nicht erwartet. } 32.Bf1 ( 32.Bxc6 e2
33.Rb8+ Kh7 34.Rb1 Rd1+ 35.Rxd1 exd1=Q+ 36.Kg2 Qc1 ) 32...exf2+ 33.Kh2 Bd5
34.c6 Rc2 35.c7 Rxc7 36.Rb8+ Kh7 37.Rb2 Rc3 38.Rxf2 Kg6 39.Bxa6 Rxa3 40.Bf1
Rf3 41.Rxf3 Bxf3 42.Bg2 $2 Bxg2 43.Kxg2 Kf5 44.Kf3 h5 45.Kg2
{ Na, so geht's dann schneller. } 45...Ke4 46.Kf2 f5 47.Ke2 g5 48.h4 g4
49.Kf2 Kd3 50.Ke1 Ke3 51.Kd1 Kf2 { (+9.87) } 0-1

[Event "Treppenturnier"]
[Site "Turnierstufe"]
[Date "2022.08.15"]
[Round "?"]
[White "Emerald"]
[Black "Designer 2100 Display"]
[Result "1-0"]
[BlackElo "1913"]
[WhiteElo "1913"]

1.d4 d5 2.c4 e6 3.Nc3 Nf6 4.Bg5 Be7 5.e3 O-O 6.Nf3 Nbd7 7.Rc1 c6 8.Bd3 dxc4
9.Bxc4 Nd5 10.Bxe7 Qxe7 { Buchende. } 11.Ne4 { Buchende. } 11...f5 12.Nc3 b5
13.Nxd5 exd5 14.Bd3 Bb7 15.Qc2 Qb4+ 16.Kd1 { Besser:16.Ke2. } 16...g6 17.a3
Qe7 18.h4 $1 f4 19.h5 $1 fxe3 20.hxg6 hxg6 21.Bxg6 Nf6 22.fxe3 Qxe3 $2
{ (-0.01) Designer erwartet 23.Te1. } 23.Bh7+ { (+5.08) } 23...Kf7 24.Qg6+
Ke7 25.Re1 Qxe1+ 26.Kxe1 Rae8 27.Ne5 Kd6 28.Qg7 Ba8 29.Bf5 b4 30.axb4 Rd8
31.b5 c5 32.Qxa7 ( 32.Rxc5 { #5 } 32...Nd7 33.Bxd7 Rf4 34.Nc4+ dxc4 35.Qe5+
Kxd7 36.Rc7# ) 32...Nd7 33.Qa6+ { Mattankündigung. } 33...Kc7 34.b6+ Nxb6
35.Rxc5+ Kd6 36.Qxb6+ Bc6 37.Qxc6+ Ke7 38.Qe6# 1-0

[Event "Treppenturnier"]
[Site "Turnierstufe"]
[Date "2022.08.15"]
[Round "?"]
[White "Designer 2100 Display"]
[Black "Emerald"]
[Result "1-0"]
[BlackElo "1923"]
[WhiteElo "1903"]

1.e4 c5 2.Nf3 d6 3.d4 cxd4 4.Nxd4 Nf6 5.Nc3 a6 6.Bg5 e6 7.f4 Be7 8.Qf3 Qc7
9.O-O-O Nbd7 10.g4 b5 11.Bxf6 Nxf6 12.g5 Nd7 13.f5 Nc5 14.f6 gxf6 15.gxf6 Bf8
{ Buchende. } 16.Qh5 { Buchende. } 16...b4 17.Nce2 Nxe4 18.Bg2 Nxf6 19.Qg5
Ng8 20.Nf5 Bb7 21.Bxb7 b3 22.axb3 Qxb7 23.Nxd6+ Bxd6 24.Qg7 Nf6 25.Qxh8+ Ke7
26.Qg7 Rc8 27.Rhf1 Be5 28.Kb1 Qc6 29.Rd2 Rg8 30.Qh6 Rg6 31.Qh4 Rg4 32.Qf2 Kf8
33.Qe3 Ne4 34.Rdd1 Rg2 35.Qf3 f6 36.h4 a5 37.b4 $2
{ Vergibt den Vorteil, aber Schwarz spielt nicht 37....Txe2, sondern: }
37...axb4 38.Qh5 Nf2 39.Rd8+ Kg7 40.Re8 Qb7 41.Rxe6 b3 42.Rxe5 $1 bxc2+
43.Kxc2 Ne4 { (-4.54) } 44.Ref5 { (+4.78) } 44...Qd7 45.Rb5 Qd2+ 46.Kb1 Qd3+
47.Ka1 Nd6 48.Ra5 Nc8 49.Qe8 Qxe2 { und Aufgabe. } ( 49...Qxe2
{ HIARCS 14 sagt: #13 } 50.Rg5+ Rxg5 51.Qxe2 Re5 52.Qa6 f5 53.Qxc8 Kf6
54.Qd8+ Ke6 55.Rd1 Re4 56.Qe8+ Kf6 57.Rd6+ Kg7 58.Qd7+ Kg8 59.Qd8+ Kg7
60.Qf6+ Kg8 61.Rd8+ Re8 62.Rxe8# ) 1-0

[Event "Treppenturnier"]
[Site "Turnierstufe"]
[Date "2022.08.17"]
[Round "?"]
[White "Emerald"]
[Black "Designer 2100 Display"]
[Result "0-1"]
[BlackElo "1914"]
[WhiteElo "1912"]

1.d4 Nf6 2.c4 g6 3.Nc3 Bg7 4.e4 d6 5.f4 O-O 6.Nf3 c5 7.d5 e6 8.dxe6
{ Buchende. } 8...Bxe6 { Buchende. } 9.Be2 Nc6 10.O-O Qd7 11.Qd3 Nb4 12.Qb1
Ng4 13.Nd5 f5 14.Nxb4 cxb4 15.h3 fxe4 16.Qxe4 Nh6 17.Re1 Rae8 18.Qe3 Bxh3
19.Qxa7 Bg4 20.Qf2 Qc6 21.Rd1 Qc5 22.Qxc5 dxc5 23.Kf2 Nf5 24.Ng1 Bxe2 25.Nxe2
Re4 26.g4 Nh6 27.Kf3 Rxc4 28.Rd7 Rc2 29.Ng3 Nf7 30.Rxb7 Ne5+ 31.Ke4 Nxg4
32.Rc7 Nf2+ 33.Kf3 Nd3 34.Be3 Bxb2 35.Rb1 Be5 36.Rd7 c4 37.Ke4 Bxf4 38.Rxd3
cxd3 39.Bxf4 Rc4+ 40.Kxd3 Rfxf4 41.Ne2 Rg4 42.Ra1 Rc5 43.Ke3 Ra5 44.Kf3 h5
45.Nc1 g5 46.Nb3 Rf5+ 47.Ke3 Rg3+ 48.Ke4 Rf4+ 49.Ke5 h4 50.Re1 h3 51.Re2 Rh4
52.Rh2 { und Aufgabe. } 0-1

[Event "Treppenturnier"]
[Site "Turnierstufe"]
[Date "2022.09.16"]
[Round "?"]
[White "Designer 2100 Display"]
[Black "Turbo King II EGR II"]
[Result "0-1"]
[BlackElo "1929"]
[WhiteElo "1924"]

1.d4 d5 2.c4 e6 3.Nc3 Nf6 4.Bg5 Be7 5.e3 h6 6.Bxf6 Bxf6 7.cxd5 exd5 8.Qb3 c6
9.Bd3 Nd7 10.Nf3 O-O 11.O-O Re8 12.h3 Nf8 13.Qc2 { Buchende. } 13...Be7
{ Buchende. } 14.Ne2 Be6 15.Nf4 Bd6 16.Nxe6 Nxe6 17.Ne5 c5 18.Bh7+ Kf8
{ Für diesen Zug braucht TK II tatsächlich mehrere Minuten. } 19.Qb3 $2
{ (+0.18) Nimmt b7 und d5 aufs Korn, aber riskiert u.a. die Einsperrung des
weißen Läufers. 19.f4 war angesagt. } 19...cxd4
{ Richtig. (-00.79) d.h. Vorteil für TK II. } 20.Qxd5 Bc7
{ Wieder der richtige Zug. } 21.Qxd8 Raxd8 22.exd4 Nxd4 23.Ng4 h5 24.Ne3 g6
{ Autsch! } 25.Rfd1 Re7 26.Rxd4 { Verzweiflung. } 26...Rxd4 27.g4 hxg4
28.hxg4 Kg7 29.Bxg6 fxg6 30.Kf1 Bb6 31.Re1 Rf7 32.Re2 Re4 33.Ke1 Bxe3 34.Rxe3
Rxg4 35.f3 Rg2 36.Rb3 Kf6 37.Kf1 Rc2 38.Rb4 Rh7 39.Rf4+ Kg5 40.Rg4+ Kf5
41.Kg1 Rhh2 42.b3 Rhd2 43.Kh1 Rxa2 44.b4 Rab2 ( 44...Ra1+ { #7 } 45.Rg1 Rxg1+
46.Kxg1 Kf4 47.Kf1 Kxf3 48.Ke1 Rd3 49.b5 b6 50.Kf1 Rd1# ) 45.b5 Rd1+ 46.Rg1
Rxg1+ 47.Kxg1 Kf4 48.Kf1 Kxf3 49.Ke1 g5 50.Kd1 g4 51.Kc1 Rxb5
{ TK II will den Gegner noch ein wenig zappeln lassen. } 52.Kd2 g3 53.Kd3 Rg5
{ usw. } 0-1

[Event "Treppenturnier"]
[Site "Turnierstufe"]
[Date "2022.09.17"]
[Round "?"]
[White "Turbo King II EGR II"]
[Black "Designer 2100 Display"]
[Result "1-0"]
[BlackElo "1914"]
[WhiteElo "1939"]

1.e4 c5 2.Nf3 d6 3.d4 cxd4 4.Nxd4 Nf6 5.Nc3 Nc6 6.Bg5 e6 7.Qd2 a6 8.O-O-O Bd7
9.f4 Be7 10.Nf3 b5 11.Bxf6 gxf6 { Buchende. } 12.Kb1 { Buchende. } 12...Rg8
13.Qf2 b4 14.Na4
{ Nicht so gut, besser wäre, den Springer nach e2 zu ziehen, aber Designer
macht ebenfalls nur einen zweitklassigen Zug: } 14...e5
{ Besser wäre14....Tb8; so kommt nun TK II zu: } 15.Nb6 { (+1.31) } 15...Ra7
16.Nc4 Qb8 17.Qh4 Rg7 18.Qh6 Kf8 { Die schwarze Stellung sieht traurig aus. }
19.fxe5 Nxe5 20.Ne3 Be6 21.Nd5 Bxd5 22.exd5 Ng4 23.Qd2 Qb6 24.Re1 Ne5 25.Nd4
Rg4 26.Nf5 Ke8 27.Bd3 Nxd3 $2 28.Qxd3
{ (+2.89) TK II steht nun übermächtig, jetzt muss er nur noch gewinnen. }
28...Rg5 { (-1.83) } 29.Qe4 Qd8 30.Qd4 Rxf5 31.Qxa7 Kf8 32.Qd4 Re5 33.Qd3 h5
34.Qh7 Rg5 35.Qh8+ Rg8 36.Qxh5 Rxg2 $2
{ Das tut weh, aber die Partie ist sowieso verloren. } 37.Qh6+ Kg8 38.Rhg1
{ Schneller geht's, wenn der andere Turm schlägt. } 38...Rg5 39.h4 Bf8
40.Rxg5+ { Besser: 40.hxg5. } 40...fxg5 41.Qxg5+ Qxg5 42.hxg5 Kh7 43.Re8 Bg7
44.Ra8 Bd4 45.Rxa6 Be5 46.Rb6 Kg6 47.Rxb4 Kxg5 48.a4 f5 49.Kc1 f4 50.Kd2 Kg4
51.a5 Kg3 52.a6 f3 53.a7 f2 54.Ke2 Kg2 55.Rg4+ Bg3 56.Rxg3+ Kxg3 57.a8=Q
1-0

[Event "Treppenturnier"]
[Site "Turnierstufe"]
[Date "2022.09.18"]
[Round "?"]
[White "GK 2000"]
[Black "Turbo King II EGR II"]
[Result "1-0"]
[BlackElo "1948"]
[WhiteElo "1940"]

1.d4 Nf6 2.c4 e6 3.Nc3 Bb4 4.e3 { Buchende. } 4...b6 { Buchende. } 5.Bd2 Nc6
6.Nf3 O-O 7.Bd3 Bb7 8.Ne4 Nxe4 9.Bxe4 d5 10.cxd5 Bxd2+ 11.Qxd2 exd5 12.Bd3
Qd6 13.Qc2 { Es wird schnell taktisch. } 13...Nb4 14.Bxh7+ Kh8 15.Qb1 g6
{ Und Schwarz fühlt sich wohl (-00.74) } 16.a3 Na6 17.Ng5 c6 18.h4 $1 Qb8 $2
{ Die Musik spielt woanders, da lässt sich der GK 2000 nicht zweimal
bitten: } 19.Bxg6 { Na klar. } 19...fxg6 20.h5 Rf6 $2 21.hxg6+
{ Jetzt kommt schnell das Matt. } 21...Kg7 22.Rh7+ Kg8 23.g7 Rxf2 24.Rh8+
{ Mattankündigung. } 24...Kxg7 25.Qh7+ Kf6 26.Qf7+ Kxg5 27.Rh5+ Kg4 28.Qg6#
1-0

[Event "Treppenturnier"]
[Site "Turnierstufe"]
[Date "2022.09.20"]
[Round "?"]
[White "Turbo King II EGR"]
[Black "GK 2000"]
[Result "1-0"]
[BlackElo "1950"]
[WhiteElo "1938"]

1.Nf3 Nf6 2.c4 c5 3.d4 cxd4 { Buchende. } 4.Nxd4 e5 5.Nb5 { Buchende. }
5...Bb4+ 6.Bd2 Bc5 7.Be3 Bxe3 8.Nd6+ Kf8 9.fxe3 Nc6 10.e4 Qb6 11.Qb3 Nd4
12.Qxb6 axb6 13.Na3 Rxa3
{ Gk 2000 verlässt sich auf seine taktischen Fähigkeiten, es wird etwas
wild auf dem Brett. } 14.bxa3 Nc2+
{ Schwarz gerät auf Abwege. 14....Ke7 wäre besser gewesen. } 15.Kd2 Nxa1
{ Da kommt das Rössl nicht mehr raus. } 16.Nxc8 Nxe4+ 17.Kc1 b5 18.cxb5 Ke8
{ (0.0) } 19.Kb2 { (+2.43) } 19...Kd8 20.Nb6 Kc7 21.Nc4 Nf2 22.Rg1 Re8 23.g3
d5 24.Ne3 d4 25.Nc4 Nd1+ 26.Kxa1 b6 27.Bg2 Nc3 28.Bc6 Re7 29.Rg2 e4 30.h4 Na4
31.Kb1 Nc3+ 32.Kb2 Na4+ 33.Kc2 h6 34.Rf2 Nc5 35.Rf1 f6 36.Kd2 Nd7 37.Bxd7
Rxd7 38.Rf4 Re7 39.a4 Re6 40.h5 Re8 41.Rg4 Re7 42.a3 Kd8
{ GK 2000 gehen die Züge aus. } 43.Nxb6 f5 44.Rg6 Ra7 45.Rc6 Ke8 46.Rd6 Kf7
47.Rxd4 { 47. Td7+ hätte alles beschleunigt. } 47...Ke6 48.Kc3 Kf6 49.Nd7+
Ke7 50.Nc5 Rc7 51.Kb4 Rc8 52.Rd7+ Ke8 53.Rxg7 Kf8 54.Rg6 Ke7 55.b6 f4 56.gxf4
e3 57.a5 Rd8 58.a6 Rd4+ 59.Kb5 Rd2 60.a7 Rb2+ 61.Kc6 Rb5 62.Kxb5
{ Mattankündigung. } 62...Kf7 63.a8=Q Ke7 64.Rg7+ Kf6 65.Qf8# 1-0

[Event "Treppenturnier"]
[Site "Turnierstufe"]
[Date "2022.09.21"]
[Round "?"]
[White "GK 2000"]
[Black "Turbo King II EGR II"]
[Result "0-1"]
[BlackElo "1948"]
[WhiteElo "1940"]

1.e4 c5 2.Nf3 e6 3.d4 cxd4 4.Nxd4 Nc6 5.Nc3 a6 { Buchende. } 6.Be2
{ Buchende. } 6...Qf6 7.Nb3 Bb4 8.Bd2 Qg6 9.O-O
{ Weiß hat deutlichen Entwicklungsvorsprung. } 9...Nf6 10.Bd3 Bxc3 11.Bxc3
Nxe4
{ TK II spielt gegen den potenten Taktiker GK 2000 ein gefährliches Spiel.
} 12.Bxe4 Qxe4 13.Re1 Qg6 14.Re3 { Besser natürlich: 14.Dd6. } 14...d5 15.Rg3
Qf5 16.Rxg7 Bd7 17.Nc5 ( 17.Nd4 $1 Nxd4 18.Qxd4 Bc6 19.Rxf7 Qxf7 20.Qxh8+ Qf8
21.Qxh7 { ... } ) 17...O-O-O 18.g4 $2
{ GK 2000 scheint auf seine überlegene Rechenkraft zu spekulieren. Gesund
sieht der Zug nicht aus. } 18...Qf4 19.Nd3 Qc4 20.Rxf7 d4 21.Bd2 e5 22.Rg7
Rhg8 23.b3 Qd5 24.Rxg8 Rxg8 25.h3 h5
{ TK II ist am Drücker, es wird eng für den weßen König. } 26.f3 Rf8 27.Ne1
hxg4 28.hxg4 e4 29.fxe4 Qxe4 30.Bh6 Rf6 31.Bd2 Bxg4 32.Qc1 Be2 ( 32...Bh3
{ HIARCS sagt Matt in 8. } 33.Bf4 Rxf4 34.Qxf4 Qxf4 35.Rd1 Ne5 36.Rd3 Ng4
37.Rc3+ dxc3 38.Ng2 Qf2+ 39.Kh1 Qxg2# ) 33.Ng2 Qg4 34.Bg5 Rf1+ 35.Qxf1 Bxf1
36.Rxf1 Qxg5 37.Rf8+ Nd8 38.Rf4 Qc5 39.Kf1 Qxc2 40.Rxd4 Qxa2 41.Rd3 Ne6
42.Rc3+ Kb8 43.Re3 Nd4 44.Nf4 Ka7 45.Ne2 Nxe2 46.Rxe2 Qxb3 47.Kf2 Qb6+
{ TK II hat viel Geduld, stattdessen hätte er einfach nur den a-Bauern
ziehen können. } 48.Re3 a5 49.Ke2 a4 50.Rd3 Qb2+ 51.Rd2 a3 52.Ke3 Qc3+
{ Naja. } 53.Ke2 Qc1 { Oje. } 54.Kd3 Qb1+ { Auweia. } 55.Ke3 Qe1+
{ Ojemine. } 56.Re2 Qxe2+ { Endlich!!! } 57.Kxe2 0-1

[Event "Treppenturnier"]
[Site "Turnierstufe"]
[Date "2022.09.22"]
[Round "?"]
[White "Turbo King II EGR"]
[Black "Ruby"]
[Result "*"]
[BlackElo "1944"]
[WhiteElo "1958"]

1.c4 Nf6 2.d4 e6 3.g3 d5 { Buchende. } 4.Nf3 { Buchende. } 4...Nc6 5.Bg2 dxc4
6.Qa4 Qd5 7.O-O b5 8.Qd1 Bb4 9.a4 Ba6 10.Nc3 Bxc3 11.Ng5 Qd7 12.axb5 Bxb5
13.bxc3 O-O 14.Bf4 Rfb8 15.e4 h6 16.Nh3 Rb7 17.Qe2 Rab8 18.Rfb1 a6 19.f3 a5
20.Qa2 a4 21.Qe2 Kh7 22.Nf2 Qe8 23.Be3 e5 24.Qc2 exd4 25.cxd4
{ Schwarz hat nun zwei (instabile) Freibauern. } 25...Kg8 26.Qc3 Ne7 27.Re1
Nc8 28.d5 Nd7 29.Bd4 Qf8 30.Reb1 Nc5 31.Ra2 Nb3 32.Be5 Ne7 33.Qc2 *